1050 1926 1334 1628 1148 1068 1996 1192 1599 1017 1778 1778 1252 1502 1107 1546 1284 1441 1357 1849 1592 1917 1727 1973 1778 1124 1004 1828 1381 1069 1289 1646 1087 1192 1156 1950 1959 1335 1976 1010 1298 1309 1036 1560 1467 1905 1245 1330 1637 1777 1565 1541 1592 1209 1184 1320 1353 1786 1767 1807 1976 1991 1261 1553 1845 1692 1055 1933 1109 1215 1360 1778 1165 1103 1909 1166 1622 1105 1478 1782 1989 1731 1707 1693 1805 1111 1444 1879 1451 1542 1893 1245 1865 1397 1009 1665 1652 1042 1059 BCNSPRNW ULIB Ver.6.0+V

เปลี่ยนเป็นภาษาไทย

Change to English
 แสดงรายละเอียดบรรณานุกรม
  กลับหน้าหลัก

Brief Record : Get Marc (ISO 2709) : E-mail record : QR code < ปิดหน้าต่าง
LEADER : 00000nam 2200000uu 4500
001    13399124651
003     ULIB
008    151116s2005||||th 000 0 eng d
020    ^a9740465978
099    ^aวพ.WM172^bA523S
100 0  ^aAmpaiporn Kautrakool
245 10 ^aStress, related factors, and coping strategies of mothers of premature infants Hospitalized in NICU = ^bความเครียดปัจัจยที่เกี่ยวข้องและกลวิธีเผชิญความเครียดของมารดาทารกเกิดก่อนกำหนดที่เข้ารับ การรักษาในหออภิบาลทารกแรกเกิด /^cAmpaiporn Kautrakool
246 31 ^aความเครียดปัจจัยที่เกี่ยวข้องและกลวิธีเผชิญความเครียดของมารดาทารกเกิดก่อนกำหนดที่เข้ารับการรักษาในหออภิบาลทารกแรกเกิด
260    ^aBangkok : ^bMahidol,^c2005
300    ^avii, 98 leaves ;^c30 cm.
500    ^aSend to Single Search
502    ^aThesis (M.N.S. (Pediatric Nursing))--Mahidol University,2005
591    ^aLICL has E-Thesis 0006 ; please contact Computer Services
610 20 ^aMahidol University^xDissertations
610 20 ^aMahidol University. ^bFaculty of Medicine RamathibodiHospital^xDissertations
650  0 ^aThesis
650  2 ^aStress
650  2 ^aInfant, Premature
650  2 ^aMother-Child Relations
691    ^aM.N.S. (2005)
692    ^aPediatric Nursing (Mahidol University 2005)
700 0  ^aYuwadee Luecha,^eths.
710 2  ^aMahidol University
710 2  ^aMahidol University. ^bFaculty of Medicine RamathibodiHospital
710 22 ^aMahidol University.^tThesis
710 22 ^aมหาวิทยาลัยมหิดล.^tวิทยานิพนธ์
945    ^p0^l0^i000192
999    ^aเกษร โพธิ์สุวรรณ
รายการนี้ยังไม่มีแท็ก
คุณยังไม่ได้ล็อกอิน คุณสามารถมีกิจกรรมร่วมกับเว็บไซต์ได้ แต่ต้องล็อกอินก่อน ::
  ล็อกอิน

รายการสื่อสารสนเทศ

ลำดับที่ ประเภท เลขเรียก/บาร์โค้ด สถานที่ สถานะ
1. วิทยานิพนธ์
วิทยานิพนธ์
วพ.WM172 A523S ฉ.1 
  Barcode: 000192
ห้องสมุดวิทยาเขตสวรรค์ประชารักษ์
►วิจัย
บนชั้น

รายการใกล้เคียง
    หัวเรื่อง [Thesis]
    หัวเรื่อง [Stress]
    หัวเรื่อง [Infant, Premature]

BibComment


ยังไม่เคยถูกคอมเมนท์

คอมเมนท์ทรัพยากรรายการนี้
  คอมเมนท์: Stress related f..


 Copyright 2026. Bcnsprnw @Library